| 000 | 00778nam a2200313 c 4500 | ||
|---|---|---|---|
| 001 | 5748684 | ||
| 003 | DO-SdBNP | ||
| 005 | 20160412133012.0 | ||
| 007 | 5748684 | ||
| 008 | 160202s1967 sp a | |||| 000 1 spa | ||
| 017 |
_a _b |
||
| 020 | _a | ||
| 035 | _a | ||
| 040 |
_aBPMSU _bspa _cBPMSU _e |
||
| 080 | _a | ||
| 100 | 1 |
_a Twain, Mark _4 |
|
| 245 | 1 | 0 |
_aTom Sawyer, detective / _cMark Twain |
| 250 | _a | ||
| 260 |
_aBarcelona : _bBruguera, _c1986 |
||
| 300 |
_a255 p. : _bil. ; _c 21 cm. |
||
| 336 |
_a _2 |
||
| 337 |
_a _2 |
||
| 490 | 0 |
_aHistorias _aCláisicos juveniles ; _v22 |
|
| 700 | 1 |
_a _e _4 |
|
| 700 | 1 |
_a _d _t |
|
| 830 |
_aHistorias _pCláisicos juveniles; _v22 |
||
| 942 |
_2ddc _cBK |
||
| 956 |
_aVMATEO _210 _320160412 _6BPMSU _80069 |
||
| 999 |
_c9713 _d9713 |
||